[Event "Dhaka Zia Memorial"]
[Site "Dhaka"]
[Date "2025.07.11"]
[Round "9"]
[White "Abrar, Reazul Ahnaf Mohamm"]
[Black "Ahmed, Walijah"]
[Result "0-1"]
[WhiteElo "1768"]
[BlackElo "1971"]
[PlyCount "142"]
[EventDate "2025.07.05"]
[EventType "swiss"]
[EventRounds "9"]
[EventCountry "BAN"]
[SourceTitle "CB29_2025"]
[SourceDate "2025.07.16"]
[SourceVersion "1"]
[SourceVersionDate "2025.07.16"]
[SourceQuality "1"]

1. e4 c5 2. Nf3 d6 3. d4 cxd4 4. Nxd4 Nf6 5. Nc3 a6 6. Be3 e5 7. Nf3 Be7 8. Be2 Be6 9. h3 h6 10. Qd2 Nbd7 11. a3 Rc8 12. 0-0 0-0 13. Ne1 Nc5 14. Bf3 Bc4 15. Be2 Ncxe4 16. Nxe4 Nxe4 17. Qd1 Bxe2 18. Qxe2 f5 19. Nd3 Bg5 20. c3 a5 21. Rad1 Qf6 22. Rfe1 Qg6 23. Bxg5 Nxg5 24. Kh2 f4 25. Qf1 e4 26. Nc1 e3 27. f3 Rc5 28. Ne2 d5 29. b4 axb4 30. axb4 Rc6 31. Rxd5 Rd6 32. Rxd6 Qxd6 33. Nd4 Rc8 34. Rc1 Qd5 35. Qe2 Ra8 36. Qd1 Qc4 37. Qe2 Qd5 38. Qd1 b5 39. Rc2 Ne6 40. Qd3 Rd8 41. Re2 Qg5 42. Kg1 Ra8 43. Qd1 Qd5 44. Rb2 Rd8 45. Kf1 Qc4+ 46. Kg1 Nxd4 47. cxd4 Rxd4 48. Qf1 Qd5 49. Kh2 Rd2 50. Rxd2 exd2 51. Qd1 Qd4 52. Kh1 Qe3 53. Kh2 Qe1 54. Qc2 d1Q 55. Qc8+ Kf7 56. Qc7+ Ke8 57. Qb8+ Ke7 58. Qc7+ Qd7 59. Qc5+ Kd8 60. Qb6+ Ke7 61. Qc5+ Ke8 62. Qh5+ Kf8 63. Qc5+ Qee7 64. Qc3 Qf5 65. Qa3 Kg8 66. Qa8+ Kh7 67. Qa2 Qeg5 68. Kg1 Qg3 69. Kh1 Qd3 70. Qa1 Qc2 71. Qg1 Qgf2 0-1

[Event "Dhaka Zia Memorial"]
[Site "Dhaka"]
[Date "2025.07.10"]
[Round "8"]
[White "Abrar, Reazul Ahnaf Mohamm"]
[Black "Uddin, Saif"]
[Result "1/2-1/2"]
[WhiteElo "1768"]
[BlackElo "1959"]
[PlyCount "92"]
[EventDate "2025.07.05"]
[EventType "swiss"]
[EventRounds "9"]
[EventCountry "BAN"]
[SourceTitle "CB29_2025"]
[SourceDate "2025.07.16"]
[SourceVersion "1"]
[SourceVersionDate "2025.07.16"]
[SourceQuality "1"]

1. e4 c5 2. Nf3 Nc6 3. d4 cxd4 4. Nxd4 Nf6 5. Nc3 d6 6. Be3 Ng4 7. Qd2 g6 8. Nxc6 bxc6 9. Bf4 Bg7 10. Bc4 a5 11. 0-0 a4 12. a3 0-0 13. Kh1 Qb6 14. Rab1 Qc5 15. Bd3 Be6 16. f3 Ne5 17. Be3 Nc4 18. Bxc4 Qxc4 19. Bh6 Bxh6 20. Qxh6 Rfb8 21. Rfe1 Rb7 22. Qd2 Rab8 23. Nd1 Qc5 24. f4 f6 25. Rf1 f5 26. exf5 Bxf5 27. Rf2 e6 28. h3 d5 29. Kh2 h5 30. g3 d4 31. Rg2 Qd5 32. Rc1 Re8 33. c3 c5 34. Nf2 dxc3 35. Qxc3 Rb3 36. Qxc5 Be4 37. Nxe4 Qxe4 38. Qc6 Qxc6 39. Rxc6 Kf7 40. Ra6 Reb8 41. Rxa4 Rxb2 42. g4 hxg4 43. hxg4 Kf6 44. Rxb2 Rxb2+ 45. Kg3 Rb3+ 46. Kf2 g5 1/2-1/2

[Event "Dhaka Zia Memorial"]
[Site "Dhaka"]
[Date "2025.07.09"]
[Round "7"]
[White "Sacchu, Afzal Hossain"]
[Black "Abrar, Reazul Ahnaf Mohamm"]
[Result "1/2-1/2"]
[WhiteElo "1969"]
[BlackElo "1768"]
[PlyCount "90"]
[EventDate "2025.07.05"]
[EventType "swiss"]
[EventRounds "9"]
[EventCountry "BAN"]
[SourceTitle "CB29_2025"]
[SourceDate "2025.07.16"]
[SourceVersion "1"]
[SourceVersionDate "2025.07.16"]
[SourceQuality "1"]

1. d4 Nf6 2. Bf4 g6 3. e3 Bg7 4. Nf3 d6 5. h3 Nbd7 6. g4 c5 7. c3 h6 8. Bg2 Rb8 9. a4 a6 10. Nbd2 b5 11. axb5 axb5 12. 0-0 Bb7 13. Re1 0-0 14. e4 Qb6 15. Bg3 Rbd8 16. Qb3 c4 17. Qc2 Rfe8 18. e5 dxe5 19. Nxe5 Bxg2 20. Kxg2 e6 21. Nxd7 Rxd7 22. Ne4 Qb7 23. f3 Nxe4 24. Qxe4 Rd5 25. Ra5 Ra8 26. Rea1 Rxa5 27. Rxa5 Kh7 28. Qe1 b4 29. Rxd5 Qxd5 30. Be5 bxc3 31. bxc3 Qb7 32. Bxg7 Kxg7 33. Qd2 g5 34. Kf2 f6 35. Qe2 Qc6 36. Ke3 Qc7 37. Kd2 Qc6 38. Qe4 Qa6 39. d5 e5 40. Ke2 Qa2+ 41. Kf1 Qa1+ 42. Ke2 Qb2+ 43. Kd1 Qa1+ 44. Kd2 Qa2+ 45. Kd1 Qa1+ 1/2-1/2

[Event "Dhaka Zia Memorial"]
[Site "Dhaka"]
[Date "2025.07.06"]
[Round "2"]
[White "Barua, Oitijjo"]
[Black "Abrar, Reazul Ahnaf Mohamm"]
[Result "1/2-1/2"]
[WhiteElo "1899"]
[BlackElo "1768"]
[PlyCount "190"]
[EventDate "2025.07.05"]
[EventType "swiss"]
[EventRounds "9"]
[EventCountry "BAN"]
[SourceTitle "CB29_2025"]
[SourceDate "2025.07.16"]
[SourceVersion "1"]
[SourceVersionDate "2025.07.16"]
[SourceQuality "1"]

1. e4 e5 2. Nf3 Nc6 3. Bc4 Nf6 4. d3 Bc5 5. c3 d6 6. Bg5 h6 7. Bh4 g5 8. Bg3 Be6 9. Nbd2 a6 10. Bxe6 fxe6 11. Nb3 Bb6 12. d4 exd4 13. Nfxd4 Nxd4 14. Nxd4 Bxd4 15. Qxd4 e5 16. Qb4 b6 17. 0-0-0 Qe7 18. Qc4 c5 19. Qe2 b5 20. h4 0-0-0 21. a4 Qb7 22. axb5 axb5 23. hxg5 hxg5 24. Rxh8 Rxh8 25. Rxd6 Rh1+ 26. Kc2 Qxe4+ 27. Qxe4 Nxe4 28. Rd5 Rg1 29. Rxe5 Nxg3 30. Rxc5+ Kb7 31. fxg3 Rxg2+ 32. Kb3 Rxg3 33. Rxb5+ Kc6 34. Rf5 Rg2 35. Kc4 Rxb2 36. Rxg5 Rh2 37. Rg6+ Kc7 38. Kb4 Rh4+ 39. c4 Rh5 40. Rg4 Kb6 41. Rg8 Kc6 42. Rc8+ Kb7 43. Rd8 Kc6 44. Rf8 Rg5 45. Rh8 Kb6 46. Re8 Kc6 47. Re7 Rh5 48. Rg7 Kb6 49. Rf7 Kc6 50. Rf6+ Kc7 51. Kc3 Rh4 52. Kd3 Kd7 53. Kc3 Kc7 54. Rf5 Kc6 55. Kb4 Rh6 56. Ra5 Rh4 57. Rc5+ Kb6 58. Rg5 Rh6 59. Rg8 Kc6 60. Ra8 Rh4 61. Ra6+ Kb7 62. Ra5 Kb6 63. Rf5 Rh6 64. Kc3 Rh4 65. Rb5+ Kc6 66. Kb4 Rg4 67. Rh5 Rg6 68. Ra5 Rg4 69. Rh5 Rg6 70. Rf5 Rh6 71. Rd5 Rg6 72. Ra5 Rg4 73. Ra6+ Kb7 74. Rf6 Rg5 75. Rf7+ Kb6 76. Rf8 Kc6 77. Rf6+ Kb7 78. Rf2 Kb6 79. Rh2 Rg6 80. Rh4 Kc6 81. Rh8 Kb6 82. Rc8 Rh6 83. Rf8 Kc6 84. Rf3 Rg6 85. Rd3 Rh6 86. Ra3 Rh4 87. Ra5 Kb6 88. Rg5 Rh6 89. c5+ Kc6 90. Rg4 Rf6 91. Rh4 Rg6 92. Kc4 Rf6 93. Rd4 Rg6 94. Rd6+ Rxd6 95. cxd6 Kxd6 1/2-1/2

[Event "Dhaka Zia Memorial"]
[Site "Dhaka"]
[Date "2025.07.06"]
[Round "3"]
[White "Shahinur, Haque"]
[Black "Abrar, Reazul Ahnaf Mohamm"]
[Result "0-1"]
[WhiteElo "1902"]
[BlackElo "1768"]
[PlyCount "52"]
[EventDate "2025.07.05"]
[EventType "swiss"]
[EventRounds "9"]
[EventCountry "BAN"]
[SourceTitle "CB29_2025"]
[SourceDate "2025.07.16"]
[SourceVersion "1"]
[SourceVersionDate "2025.07.16"]
[SourceQuality "1"]

1. e4 e5 2. Nf3 Nc6 3. d4 exd4 4. Nxd4 Bc5 5. Nb3 Bb6 6. Nc3 d6 7. Qe2 Nf6 8. Be3 h6 9. f3 Be6 10. 0-0-0 Qe7 11. Kb1 0-0-0 12. Bxb6 axb6 13. Qb5 Kb8 14. Qa4 d5 15. Bb5 Na7 16. Bd3 Bd7 17. Qa3 Qxa3 18. bxa3 dxe4 19. Nxe4 Nxe4 20. Bxe4 Bc6 21. Bd3 Bb5 22. Be4 Bc6 23. Bd3 Rd7 24. Bc4 f6 25. Rxd7 Bxd7 26. Kc1 c5 0-1